000 00776nam a2200265Ia 4500
003 OSt
005 20220926004232.0
006 a|||||r|||| 00| 0
007 ta
008 220923b |||||||| |||| 00| 0 eng d
037 _cGeneral Book
040 _aRTL
_cRTL
_beng
041 _2eng
_aeng
082 _aB280bX:8, L8;N1/TD3
100 _aLevin Richard I
_913517
245 0 _aStatistics for management
250 _a5
260 _a New Delhi
_bPrintice-Hall India
_c1991
300 _axiv, 862p
_ccm.
500 _aBibliography: p 856-58; Appendix: p 788-855
650 _aStatistics
_935791
700 _a Rubin David S
942 _hB280bX:8, L8;N1/TD3
_cGB
_2CC
999 _c610288
_d610288